LEADER 01132nam a2200265 4500 001 000000351099 003 CaOOAMICUS 005 20220829102320.0 008 220803s1992 it a 000 u ita r 020 $a88-01-12884-3 040 $aSeMil$bita 100 1 $aPezzini, Domenico,$d<1937-2021>.$0(OLS)http://semarc/name/7876 245 10$aGrazie, vita :$briflessioni per preadolescenti /$cDomenico Pezzini. 264 1$aLeumann (Torino) :$bElle Di Ci,$c1992. 300 $a55 p. :$bill. ;$c17 cm 490 1 $aOrizzonti aperti ;$v3 650 4$aPreadolescenti - Educazione.$0(OLS)http://semarc/subject/15125 830 0$aOrizzonti aperti ;$v3.$0(OLS)http://semarc/title/439642 850 $aSeMil 852 $aSeMil$W1$xVenegono$y1$m5B III 63/10$j234353$B242167$CSeMilBibl$Z2$F242167 $81 961 $aPontiggia don Virginio - Omaggio 996 $6020$a88-01-12884-3$9(OLS)http://semarc/number/296411 996 $6245$aGrazie, vita :$briflessioni per preadolescenti$9(OLS)http://semarc/title/440895 996 $6264$aLeumann (Torino) :$bElle Di Ci$9(OLS)http://semarc/publisher/29809 LEADER 01127nam a2200241 i 4500 001 000000105483 003 CaOOAMICUS 005 20031117000000.0 008 031117s1992 it u000 u ita u 013 $a77677 020 $a8885918697 040 $aSeMil$bita 245 10$aCelebrare in spirito e verità :$bsussidio teologico-pastorale per la formazione liturgica /$ca cura del Consiglio dell'Associazione Professori e Culturi di Liturgia. 260 $aRoma :$bEdizioni Liturgiche,$c1992. 300 $a156 p. ;$c21 cm. 650 4$aLiturgia - Educazione.$0(OLS)http://semarc/subject/5465 700 1 $aConsiglio Associazione Professori e Cultori di Liturgia.$0(OLS)http://semarc/name/44454 850 $aSeMil 852 $aSeMil$W1$xVenegono$y1$m3K III 83$j61684$B61684$CSeMilBibl$Z2$F77067 $81 961 $aOmaggio: Bagatin Luca 996 $6020$a8885918697$9(OLS)http://semarc/number/85551 996 $6245$aCelebrare in spirito e verità :$bsussidio teologico-pastorale per la formazione liturgica$9(OLS)http://semarc/title/152714 996 $6260$aRoma :$bEdizioni Liturgiche$9(OLS)http://semarc/publisher/33221